[Event "Hennebont Grand Prix"]
[Site "Hennebont"]
[Date "2006.08.05"]
[Round "1"]
[White "Le Garrec, Maxime"]
[Black "Havelka, Michele"]
[Result "1/2-1/2"]
[WhiteElo "1650"]
[BlackElo "1490"]
[PlyCount "86"]
[EventDate "2006.08.05"]
[EventType "swiss"]
[EventRounds "7"]
[EventCountry "FRA"]
[SourceTitle "EXT 2007"]
[Source "ChessBase"]
[SourceDate "2006.11.23"]
[SourceVersion "1"]
[SourceVersionDate "2006.11.23"]
[SourceQuality "1"]

1. e4 e6 2. d4 d5 3. Nd2 c5 4. c3 cxd4 5. cxd4 Qb6 6. Ngf3 dxe4 7. Nxe4 Bb4+ 8. Nc3 Nf6 9. a3 Be7 10. Bb5+ Bd7 11. Bxd7+ Nbxd7 12. 0-0 0-0 13. b4 Rfd8 14. Be3 Qc6 15. Rc1 Qa6 16. Qa4 Qxa4 17. Nxa4 Nd5 18. Nc5 b6 19. Nxd7 Rxd7 20. Ne5 Rd6 21. Nc6 Bf6 22. b5 h6 23. Rfd1 a6 24. bxa6 Rxa6 25. Rd3 g5 26. g4 b5 27. Nb4 Nxb4 28. axb4 Rd5 29. Rc5 Rad6 30. Rxd5 Rxd5 31. Kf1 Be7 32. Bd2 f5 33. gxf5 exf5 34. Ke2 Kf7 35. Bc3 h5 36. Re3 Bd6 37. Kd3 Bf4 38. Re1 h4 39. h3 Rd8 40. Ra1 Ke6 41. Ra6+ Rd6 42. Ra5 Rb6 43. Ra2 Kd5 1/2-1/2